Piosenki Bedoesa 2115 - nagła śmierć - Statystyki

Ogólne statystyki
  • Ten quiz został rozwiązany 184 razy
  • Średni wynik to 8 z 15
Answers on the Grid
Answers color-coded by a green-red scale on the quiz's grid according to % correct below.
Kamień z serca
Turysta
Jolie Jolie
Jeszcze będzie Pięknie
Jesteś ładniejsza niż na zdjęcia (na zawsze)
Hotel Maffija 3
FPS
PING
Eldorado
Na szczycie
25 lat
Smoki
27 (niektórzy już odeszli)
DRESSCODE
Wschód (lubię zapierdalać)
taki mały ja
Fresh Prince (trill 4ever)
California
Vogue
Lesbijki
Opowieści z Doliny Smoków
Papuga
1998 (mam to we krwi)
Mogę dziś umierać
Grill u Gawrona
05:05
Geje
Brzydkie Rzeczy
Kiss cam (podryw roku)
Chłopaki nie płaczą
 
Statystyki odpowiedzi
Odpowiedź % Poprawnych
Kamień z serca
86%
Jesteś ładniejsza niż na zdjęcia (na zawsze)
64%
05:05
55%
Eldorado
54%
Opowieści z Doliny Smoków
53%
Vogue
52%
Chłopaki nie płaczą
50%
Lesbijki
49%
Smoki
49%
1998 (mam to we krwi)
48%
Brzydkie Rzeczy
46%
FPS
41%
Wschód (lubię zapierdalać)
41%
Fresh Prince (trill 4ever)
38%
DRESSCODE
27%
Nie znaleziono quizów pasujących do podanych kryteriów
Rozkład punktacji
Procent ludzi z każdym wynikiem
Percentyl według liczby udzielonych odpowiedzi
Twoja historia wyników
Nie rozwiązałeś tego quizu